| 000 | 00692nam a22002057a 4500 | ||
|---|---|---|---|
| 999 |
_c11014 _d11014 |
||
| 003 | AR-CdUCM | ||
| 008 | 190402b ||||| |||| 00| 0 spa d | ||
| 040 |
_aMUNICIPALIDAD PROVINCIAL DEL CUSCO _cBIBLIOTECA MUNICIPAL DEL CUSCO |
||
| 082 |
_aEP / 372.510 / _bC93 |
||
| 110 |
_aEscuela Nueva _928121 |
||
| 245 |
_aCuaderno de trabajo de matematica escuela nueva : _bTercer grado de primaria / |
||
| 260 |
_aLima : _bEscuela Nueva, _c1942. |
||
| 300 |
_a103 paginas ; _bilustraciones, graficos, dibujos, _c28 cm. |
||
| 500 | _aMatematicas | ||
| 650 |
_aMatematica _920026 |
||
| 650 |
_aTexto educativo _925832 |
||
| 650 |
_aCuaderno de trabajo _911620 |
||
| 942 |
_2ddc _cLIBROS |
||
| 945 | _apjha | ||